| 000 | 01224nam a22003497a 4500 | ||
|---|---|---|---|
| 003 | CHAP | ||
| 005 | 20220329132908.0 | ||
| 008 | 971010s1975 mx r 00010 spa d | ||
| 010 | _a39 | ||
| 011 | _a1011 | ||
| 035 | _a152 | ||
| 040 | _cCHAP | ||
| 090 | _aFolleto 2613 | ||
| 100 | 0 | 0 |
_aCarmona Balandrano, Fernando F. _919022 |
| 245 | 1 | 0 |
_aActividades del centro de cría de becerras Ignacio Zaragoza _c/ por Fernando F. Carmona Balandrano |
| 260 |
_a[México, D.F.] : _bFomento para la Agricultura, Ganadería y Avicultura, _c1975 |
||
| 300 | _a27 p. | ||
| 490 | 0 |
_aFIRA. Serie sobre ganadería _v; 4 |
|
| 590 |
_aBATCH-UPD _b10 _c20130110 _lUCH01 _h0023 |
||
| 590 |
_aBATCH-UPD _b10 _c20130110 _lUCH01 _h1801 |
||
| 590 |
_aBATCH-UPD _b10 _c20130409 _lUCH01 _h2003 |
||
| 590 |
_aBATCH-UPD _b10 _c20130914 _lUCH01 _h0551 |
||
| 590 |
_aCONVERSION _b10 _c20130109 _lUCH01 _h1302 |
||
| 650 | 1 | 4 |
_aBecerros. _911171 |
| 650 | 1 | 4 |
_aGanado Holstein. _945133 |
| 830 | 0 |
_aFIRA. Serie sobre ganadería _v; 4 _941046 |
|
| 901 | _aBK | ||
| 942 | _cFOLL | ||
| 949 |
_aFolleto 2613 _bBC _cFOLL _d-139227 _eTS1 _i152 _si |
||
| 949 |
_aFolleto 2613 _bBC _cFOLL _d-139228 _eTS2 _fc.2 _i152 _si |
||
| 949 |
_aFolleto 2613 _bBC _cFOLL _d-139229 _eTS2 _fc.3 _i152 _si |
||
| 999 |
_c39 _d39 |
||